| 000 | 01022nam a2200181Ia 4500 | ||
|---|---|---|---|
| 008 | 220216s9999 xx 000 0 und d | ||
| 100 | _aSeneviratne Priyani | ||
| 245 | 0 | _aEffect of GA3 on the growth of axillary buds of Hevea brasiliensis in vitro | |
| 260 |
_bJournal of the Rubber Research Institute of Sri Lanka _c1997 |
||
| 300 | _a37-44 | ||
| 520 | _aSlow growth of axillary buds is one of the key reasons for the slow progress in micropropagation of clonal Hevea. Axillary buds induced in the presence of cytokinins were elongated satisfactorily in the presence of GA, at 2-4 mg/l. The effect was not observed when the medium contained thidiazuran. The effect of filter sterilized and autoclaved GA3, on the elongation of in vivo grown seedlings showed no difference. However, in this study GA3 was incorporated in to media prior to autoclaving. | ||
| 650 | _aHevea brasiliensis | ||
| 650 | _aMicropropagation | ||
| 650 | _aRubber | ||
| 650 | _aThidiazuran(TDZ) | ||
| 700 | _aWijesekera G A S | ||
| 942 | _cJS | ||
| 999 |
_c57867 _d57867 |
||